| 000 | 00668 a2200181 4500 | ||
|---|---|---|---|
| 020 | _a1562055887 | ||
| 040 |
_aDLC _bDLC |
||
| 082 | 0 | 0 | _a005.36 |
| 100 | 1 | _aMcLaren, Tim, | |
| 245 | 1 | 0 |
_aMCSE study guide : TCP/IP and systems management server _cTim McLaren, Stephen Myers. |
| 246 | 3 | _aMicrosoft certified systems engineer study guide | |
| 260 |
_aIndianapolis, Ind. : _bNew Riders, _cc1996. |
||
| 300 |
_axxi, 1138 p. : _bill. ; _c23 cm. + _e1 computer laser optical disc (4 3/4 in.) |
||
| 650 | 0 |
_aElectronic data processing personnel _xCertification. |
|
| 650 | 0 |
_aMicrosoft software _xStudy and teaching. |
|
| 700 | 1 | _aMyers, Stephen. | |
| 942 |
_cBK _k005.36 MCL _2ddc |
||
| 999 |
_c6128 _d6128 |
||